[Event "AUT-ch U14 Girls"]
[Site "Linz"]
[Date "2013.05.20"]
[Round "6"]
[White "Busuioc, Alexandra"]
[Black "Baumgartner, Carmen"]
[Result "1-0"]
[WhiteElo "1652"]
[BlackElo "871"]
[PlyCount "21"]
[EventDate "2013.05.18"]
[EventType "swiss"]
[EventRounds "7"]
[EventCountry "AUT"]
[SourceTitle "EXT 2015"]
[Source "ChessBase"]
[SourceDate "2014.11.20"]
[SourceVersion "1"]
[SourceVersionDate "2014.11.20"]
[SourceQuality "1"]

1. e4 e5 2. Nf3 Bd6 3. Nc3 f6 4. Bc4 Ne7 5. 0-0 b6 6. d4 exd4 7. Nxd4 Na6 8. Nf5 Nxf5 9. exf5 Bb7 10. Qh5+ Ke7 11. Qf7# 1-0

[Event "AUT-ch U14 Girls"]
[Site "Linz"]
[Date "2013.05.19"]
[Round "3"]
[White "Halwachs, Juliane"]
[Black "Baumgartner, Carmen"]
[Result "1-0"]
[WhiteElo "1315"]
[BlackElo "871"]
[PlyCount "57"]
[EventDate "2013.05.18"]
[EventType "swiss"]
[EventRounds "7"]
[EventCountry "AUT"]
[SourceTitle "EXT 2015"]
[Source "ChessBase"]
[SourceDate "2014.11.20"]
[SourceVersion "1"]
[SourceVersionDate "2014.11.20"]
[SourceQuality "1"]

1. d4 d5 2. c4 e5 3. Nc3 dxc4 4. e3 f6 5. Bxc4 Ne7 6. b3 Nf5 7. Nge2 Nc6 8. dxe5 fxe5 9. Qxd8+ Nxd8 10. Nd5 Bd6 11. 0-0 c6 12. Ndc3 Be6 13. Bxe6 Nxe6 14. Rd1 Rd8 15. Bb2 0-0 16. Ne4 Bc7 17. Rac1 Rf7 18. Rxd8+ Nxd8 19. Rd1 b5 20. N2c3 Ne6 21. Ba3 h5 22. Nd6 Rd7 23. Nxf5 Rxd1+ 24. Nxd1 a6 25. Ne7+ Kf7 26. Nxc6 Bb6 27. Nxe5+ Kf6 28. Nd7+ Kf7 29. Nxb6 1-0

[Event "AUT-ch U14 Girls"]
[Site "Linz"]
[Date "2013.05.18"]
[Round "2"]
[White "Azad, Mitra"]
[Black "Baumgartner, Carmen"]
[Result "1-0"]
[WhiteElo "1325"]
[BlackElo "871"]
[PlyCount "45"]
[EventDate "2013.05.18"]
[EventType "swiss"]
[EventRounds "7"]
[EventCountry "AUT"]
[SourceTitle "EXT 2015"]
[Source "ChessBase"]
[SourceDate "2014.11.20"]
[SourceVersion "1"]
[SourceVersionDate "2014.11.20"]
[SourceQuality "1"]

1. e4 e5 2. Nf3 d6 3. h3 Nf6 4. Nc3 Nc6 5. Bc4 Be7 6. d4 exd4 7. Nxd4 Nb4 8. a3 Na6 9. Bf4 0-0 10. Qd2 Nh5 11. e5 Nxf4 12. Qxf4 dxe5 13. Qxe5 Bc5 14. 0-0-0 Bd6 15. Qd5 Be6 16. Qb5 c6 17. Qb3 Nc5 18. Qa2 Bf4+ 19. Kb1 Bf5 20. Nxf5 Qc8 21. Ne7+ Kh8 22. Nxc8 Rfxc8 23. Bxf7 1-0